00559nam a2200157Ia 4500008004100000082002000041100001400061245005500075260003000130300001000160630001800170650006800188942000900256952011900265999001700384211109s9999||||xx |||||||||||||| ||und|| a894.812 bPAV-K aPavanan,  0aKeralam Egane Jeevikkunnu: Kadhakalum Kanakkukalum bNational Book Stalla1978 a182p. xGeneral Stack aLITERATURE & RHETORICvMALAYALAM LITERATUREMALAYALAMxGeneralia cBOOK 00102ddc4070aSBCLbSBCLc2d2021-11-09g3.00o894.8123 PAV-Kp00032888r2021-11-09 00:00:00w2021-11-09yBOOK c31845d31845